000 00568nam a2200193Ia 4500
999 _c3656
_d3656
003 OSt
005 20200821120855.0
008 190216s9999||||xx |||||||||||||| ||und||
020 _a9789380853970
040 _coclc
082 _a628.50154
_bGIR/P
100 _aGirard, James E
_94264
245 0 _aPrinciples Of Environmental Chemistry /
_cJames E Girard
250 _a3rd Ed.
260 _bJones And Bartlett,
_c2015.
_aNew Delhi:
300 _a711p
650 _aChemistry-Chemistry
942 _cBK
_2ddc
_h628.50154
_iGIR/P
_k628.50154
_mGIR/P